000 00569nam a2200229Ia 4500
005 20250425161613.0
008 250425s9999 xx 000 0 und d
020 _a0877353336
041 _aeng
082 _a541.39
100 _aGARRELS, ROBERT M
245 0 _aSOLUTIONS, MINERALS AND EQUILIBRIA
250 _a1TH ED.
260 _aEstados Unidos
_bFREEMAN, COOPER
_c1965
260 _aSAN FRANCISCO
300 _a450
650 _aEQUILIBRIO QUIMICO
650 _aQUIMICA CUANTITATIVA
700 _aCHRIST, CHARLES L
942 _c01
010 _a24070
999 _c212414
_d212414